000 01064pam a22003611i 4500
999 _c6005
_d6005
001 020283555
003 Uk
005 20260126124112.0
006 m || d |
007 cr |||||||||||
008 210601s2021 enk jo 000|f|eng|d
015 _aGBC1C8443
_2bnb
020 _a9781529360431
040 _aStDuBDS
_beng
_cStDuBDS
_dUk
_dKH8
_erda
_epn
042 _aukblsr
082 _aFIC NON
100 1 _aNoni, Lynette,
_eauthor.
245 1 4 _aThe gilded cage /
_cLynette Noni.
264 1 _aLondon :
_bHodder & Stoughton,
_c2021.
300 _a452 pages :
_bmaps ;
_c20 cm.
336 _atext
_2rdacontent
337 _acomputer
_2rdamedia
338 _aonline resource
_2rdacarrier
490 0 _aThe prison healer
588 _aDescription based on CIP data; resource not viewed.
650 7 _aFantasy.
_2bicssc
650 7 _aFantasy romance.
_2bicssc
650 7 _aFICTION
_xFantasy
_xEpic.
_2bisacsh
650 7 _aFICTION
_xFantasy
_xGeneral.
_2bisacsh
655 0 _aFantasy fiction.
655 0 _aYoung adult fiction.
942 _2ddc
_cFIC